000 02188cam a22005294i 4500
003 PE-LiUPU
005 20250731172931.0
008 170620s2011 na rb 001 0 eng d
020 _a9004194592
020 _a9789004194595
035 _a(Sirsi) a204426
040 _aPE-LiUPU
_bspa
_cPE-LiUPU
_erda
049 _aPRUA
082 0 4 _a201.65
_bI7
_223
245 0 0 _aIs theology a science? :
_bthe nature of the scientific enterprise in the scientific theology of Thomas Forsyth Torrance and the anarchic epistemology of Paul Feyerabend /
_cby David Munchin.
264 1 _aLeiden Netherlands ;
_aBoston :
_bBrill,
_c2011.
300 _ax, 298 páginas ;
_c25 centimetros.
336 _atext
_2rdacontent
337 _aunmediated
_2rdamedia
338 _avolume
_2rdacarrier
490 0 _aStudies in systematic theology,
_x1876-1518 ;
_vv. 7
504 _aBibliografía : páginas 283-293.
504 _aÍndices: páginas 295-298.
505 0 _aIntroduction: context and history -- Introducing the dialoque partners: torrance -- Torrance theology cohabiting with -- Torrance's proposal - a new objectivity -- Feyerabend's challenge - knowledge without -- Two excurses -- Coherence and language -- From foundations to spirals.
526 _aSEG42
526 _aSEG41
526 _aSEG40
526 _aSEG39
526 _aP94
526 _aP87
526 _aP86
526 _aP85
526 _aP77
526 _aP76
526 _aP35
650 0 _aReligión y ciencia.
650 0 _aCiencia
_xFilosofía.
650 0 _aTeología
_xMetodología.
700 1 _aMunchin, David,
_eeditor.
910 _ajck
_bjvq
_cjpc
_d20170620
942 _2ddc
_cBOOK
949 _a201.65 I7
_wDEWEY
_c1
_i76237
_lCATALOGING
_mBUL
_p153.00
_r0
_sY
_tBOOK
_u2017-06-20
_xTEOLOGÍA
_zTEOLOGÍA
_0COMPRA
_o.CIRCNOTE. El documento es de alto precio.
_o.STAFF. Colección Teología
994 _aC0
_bPEPRU
596 _a1
999 _a201.65 I7
_wDEWEY
_c20780
_i76237
_f2021-11-9
_g4
_lCCODEBUL1
_mBUL
_r0
_sY
_tBOOK
_u2017-6-20
_xTEOLOGIA
_PP35
_0COMPRA
_o.STAFF. Colección Teología
_d20780
980 _81
_gALBERTO SANCHEZ Responsable de Automatización